Quartett, Op. 46 für 2 Violinen, Viola und Violoncell /

Hlavní autor: Scholz, Bernhard, 1835-1916
Jazyk: Nelze použít, není lingvistický obsah
Vydáno: Leipzig : Peters, [1905?]
Fyzický popis: 4 hlasy (13, 11, 11, 11 s.)
Hudebniny Hudebniny
Uloženo v:
LEADER 00723ncm a22002052a 4500
001 001196799
003 CZ BrMZK
005 20131018125945.0
007 qu
008 120224s1905 gw |||||||||||||||||zxx d
040 |a BOA001  |b cze 
072 7 |a 787  |x Hudba pro strunné a smyčcové nástroje  |2 Konspekt  |9 9 
100 1 |a Scholz, Bernhard,  |d 1835-1916  |7 mzk2013789175  |4 cmp 
245 1 0 |a Quartett, Op. 46  |h [hudebnina] :  |b für 2 Violinen, Viola und Violoncell /  |c Bernhard Scholz 
260 |a Leipzig :  |b Peters,  |c [1905?] 
300 |a 4 hlasy (13, 11, 11, 11 s.) 
910 |a BOA001  |b Mus4-0356.367 
990 |a MU 
991 |b 201202 
996 6 |b 2619599182  |c Mus4-0356.367  |l MZK  |r Sklad / do 1 hodiny  |n 0  |p W  |w 001230426  |u 000010  |a 1  |e BOA001  |j MZK50  |s P